Guía de carreras universitarias : 2011 argentina
Guardado en:
| Formato: | Libro |
|---|---|
| Publicado: |
Buenos Aires :
Ministerio de Educación,
2010
|
| Materias: | |
| Etiquetas: |
Agregar Etiqueta
Sin Etiquetas, Sea el primero en etiquetar este registro!
|
| LEADER | 00595nam a22001695a 4500 | ||
|---|---|---|---|
| 001 | CEM.cems013451 | ||
| 005 | 20101215095713.0 | ||
| 008 | 130507s2010##################000#0#####d | ||
| 003 | CEMS | ||
| 082 | 0 | 4 | |a CD378.982 |
| 245 | 0 | 0 | |a Guía de carreras universitarias : |b 2011 argentina |
| 260 | |a Buenos Aires : |b Ministerio de Educación, |c 2010 | ||
| 300 | |a 1 CD-ROM | ||
| 653 | |a Guía del estudiante | ||
| 653 | |a Carreras universitarias-guía | ||
| 859 | |a CEMS |b BIB. CEMS - 11 de abril |h CD378.982 |i G94 |p 2743.44 |t Ej.1 |v 2011 |3 2011 | ||
| 859 | |a CEMS |b BIB. CEMS - 11 de abril |h CD378.982 |i G94 |p 2744.44 |t Ej.2 |v 2011 |3 2011 | ||
